Medical microbiology / (Record no. 21496)
[ view plain ]
| 000 -LEADER | |
|---|---|
| fixed length control field | 00923cam a22002655a 4500 |
| 001 - CONTROL NUMBER | |
| control field | 14068213 |
| 005 - DATE AND TIME OF LATEST TRANSACTION | |
| control field | 20160323143032.0 |
| 008 - FIXED-LENGTH DATA ELEMENTS--GENERAL INFORMATION | |
| fixed length control field | 050805s2005 nyua frb 001 0 eng d |
| 020 ## - INTERNATIONAL STANDARD BOOK NUMBER | |
| International Standard Book Number | 1859962548 (alk. paper) |
| 020 ## - INTERNATIONAL STANDARD BOOK NUMBER | |
| International Standard Book Number | 9781859962541 |
| 040 ## - CATALOGING SOURCE | |
| Original cataloging agency | DNLM/DLC |
| Transcribing agency | DLC |
| Modifying agency | NLM |
| -- | BAKER |
| -- | BWKUK |
| -- | BTCTA |
| -- | YDXCP |
| -- | UKM |
| -- | DLC |
| -- | EG-ScBUE |
| Language of cataloging | eng |
| 082 04 - DEWEY DECIMAL CLASSIFICATION NUMBER | |
| Classification number | 616.9041 |
| Edition number | 22 |
| Item number | IRV |
| 100 1# - MAIN ENTRY--PERSONAL NAME | |
| Personal name | Irving, William L. |
| 9 (RLIN) | 39663 |
| 245 10 - TITLE STATEMENT | |
| Title | Medical microbiology / |
| Statement of responsibility, etc | Will Irving, Dlawer Ala'Aldeen, Tim Boswell. |
| 260 ## - PUBLICATION, DISTRIBUTION, ETC. (IMPRINT) | |
| Place of publication, distribution, etc | New York ; |
| -- | Abingdon : |
| Name of publisher, distributor, etc | Taylor & Francis Group, |
| Date of publication, distribution, etc | 2005. |
| 300 ## - PHYSICAL DESCRIPTION | |
| Extent | viii, 350 p. : |
| Other physical details | ill. ; |
| Dimensions | 25 cm. |
| 490 0# - Series Statement | |
| Series statement | BIOS instant notes. |
| 500 ## - GENERAL NOTE | |
| General note | Index : p. [345]-3450. |
| 504 ## - BIBLIOGRAPHY, ETC. NOTE | |
| Bibliography, etc | Includes bibliographical references. |
| 650 #7 - SUBJECT ADDED ENTRY--TOPICAL TERM | |
| Topical term or geographic name as entry element | Medical microbiology |
| Form subdivision | Outlines, syllabi, etc. |
| Source of heading or term | BUEsh |
| 9 (RLIN) | 27322 |
| 653 ## - INDEX TERM--UNCONTROLLED | |
| Resource For college | Pharmacy |
| Arrived date list | March2016 |
| 700 1# - ADDED ENTRY--PERSONAL NAME | |
| Personal name | Ala'Aldeen, Dlawer A. A. |
| 700 1# - ADDED ENTRY--PERSONAL NAME | |
| Personal name | Boswell, Tim. |
| 942 ## - ADDED ENTRY ELEMENTS (KOHA) | |
| Source of classification or shelving scheme | Dewey Decimal Classification |
| Withdrawn status | Item status | Source of classification or shelving scheme | Damaged status | Not for loan | Vendor | Home library | Current library | Shelving location | Date acquired | Source of acquisition | Cost, normal purchase price | Serial Enumeration / chronology | Total Checkouts | Total Renewals | Full call number | Barcode | Date last seen | Date last borrowed | Koha item type |
|---|---|---|---|---|---|---|---|---|---|---|---|---|---|---|---|---|---|---|---|
| Dewey Decimal Classification | Scientific home BookShop | Central Library | Central Library | First floor | 23/03/2016 | Purchase | 250.00 | 1 | 1 | 5 | 616.9041 IRV | 000032175 | 15/07/2025 | 15/10/2016 | Book - Borrowing |